| 000 | 00710cab a2200253 4500 | ||
|---|---|---|---|
| 001 | ABS44050 | ||
| 008 | 090401t1991 xxu||||| |||| 00| 0 eng d | ||
| 035 | _a(Sirsi) u45068 | ||
| 041 | _aeng | ||
| 100 | _aChevin, D. | ||
| 245 | _aWhat the eye can`t see | ||
| 260 | _c1991 | ||
| 350 | _a0 | ||
| 490 |
_aBuilding _v256(7682) 8 February 1991, 52-53(2) |
||
| 520 | _aExamines the use of radar monitoring to pin point structural faults in a building`s fabric. | ||
| 650 | _aBUILDING DEFECTS | ||
| 650 | _aCONCRETE | ||
| 650 | _aGB GEOTECHNICS | ||
| 650 | _aNON DESTRUCTIVE TESTING | ||
| 650 | _aRADIO WAVES | ||
| 690 | _aBUILT ENVIRONMENT-BUILDING PATHOLOGY | ||
| 942 | _n0 | ||
| 948 | _c04/03/1997 | ||
| 999 |
_c28653 _d28653 |
||